000 00578nam a2200181Ia 4500
003 GCL
008 140319s9999 xx 000 0 ara d
040 _aGCL /
_cGCL
082 0 4 _a796
_bز ا
100 1 _aزكى محمد درويش
245 1 0 _aالاحماء والاداء الرياضى /
_cزكى محمد درويش
300 _a77 ص
490 _aالفكر العربى فى التربية البدنية والرياضية
_v0
650 0 4 _aاصابات الملاعب
650 0 4 _aالرياضة
650 0 4 _aالتدريب الرياضى
942 _2ddc
_cBK
999 _c45008
_d45008